00873 2200253 4500001002100000005001500021035002500036008004100061040001700102082001900119084002100138100006400159245009400223260007200317300004500389650002600434850001200460007000300472090002500475090002200500110005300522999002200575990002200597INLIS00000000001940220200713013159 a0010-041600000000406160420s2015 yoia g ind d aYOPDYOGeind04222a330.959823 a330.959823 YOG a aBADAN PERENCANAAN PEMBANGUNAN DAERAH (BAPPEDA) (YOGYAKARTA)00aAnalisis makro ekonomi Daerah Istimewa Yogyakarta /cBadan Perencanaan Pembangunan Daerah3 aYogyakarta :bBadan Perencanaan Pembangunan Daerah (BAPPEDA),c2015 axii, [104] halaman :bilustrasi ;c29 cm 4aEkonomi--zYogyakarta aYOPDYOGta aDEP 330.959823 YOG a aCB-D.11 2015-1631 aYogyakarta. Badan Perencanaan Pembangunan Daerah aCB-D.11/2015-1631 aCB-D.11/2015-1631